Hershey Brands - Sudden Death - Statistics

General Stats
  • This quiz has been taken 80 times
  • The average score is 3 of 20
Answers on the Grid
Answers color-coded by a green-red scale on the quiz's grid according to % correct below.
Kit Kat
5th Avenue
Good & Plenty
Mound
Almond Joy
Pirate Booty
Pay Day
Breath Savers
Ice Breakers
Jolly Rancher
Milk Duds
Reese's
Rolo
SkinnyPop
Whoppers
Twizzlers
York
Whatchamacallit
Skor
Heath
M&M's
Snickers
Twix
Tootsie Rolls
Trolli
Pixy Stix
Baby Ruth
Runts
Bottlecaps
Laffy Taffy
Milky Way
100 Grand
 
Answer Stats
Answer % Correct
Reese's
42%
Kit Kat
29%
Twizzlers
24%
Almond Joy
21%
Jolly Rancher
18%
Whatchamacallit
18%
Pay Day
16%
5th Avenue
13%
Heath
13%
Mound
13%
Rolo
13%
Whoppers
13%
Good & Plenty
11%
York
11%
Breath Savers
8%
Ice Breakers
8%
SkinnyPop
8%
Skor
8%
Milk Duds
5%
Pirate Booty
3%
No matching quizzes found
Score Distribution
Percent of People with Each Score
Percentile by Number Answered
Your Score History
You have not taken this quiz